Bienvenue à la E-Bibliothèque de l’UEH

Bénéficiez l'accès à des milliers de ressources en ligne

La nuit : (notice nᵒ 902)

détails MARC
000 -LEADER
fixed length control field 02278 a2200313 4500
001 - CONTROL NUMBER
control field OB-psn-8522
003 - CONTROL NUMBER IDENTIFIER
control field FrMaCLE
005 - DATE AND TIME OF LATEST TRANSACTION
control field 20251214082532.0
007 - PHYSICAL DESCRIPTION FIXED FIELD--GENERAL INFORMATION
fixed length control field cu ||||||m||||
008 - FIXED-LENGTH DATA ELEMENTS--GENERAL INFORMATION
fixed length control field 180912e||||||||xx |||||s|||||||||0|fr|d
020 ## - INTERNATIONAL STANDARD BOOK NUMBER
International Standard Book Number 978-2-87854-834-1
024 7# - OTHER STANDARD IDENTIFIER
Standard number or code 10.4000/books.psn.8522
Source of number or code doi
040 ## - CATALOGING SOURCE
Original cataloging agency FR-FrMaCLE
041 ## - LANGUAGE CODE
Language code of text/sound track or separate title fra
100 1# - MAIN ENTRY--PERSONAL NAME
Personal name Halimi, Suzy
245 13 - TITLE STATEMENT
Title La nuit :
Remainder of title Dans l'Angleterre des Lumières /
Statement of responsibility, etc. Suzy Halimi.
260 ## - PUBLICATION, DISTRIBUTION, ETC.
Place of publication, distribution, etc. Paris :
Name of publisher, distributor, etc. Presses Sorbonne Nouvelle,
Date of publication, distribution, etc. 2018.
300 ## - PHYSICAL DESCRIPTION
Extent 294 p.
500 ## - GENERAL NOTE
General note Ebook
520 ## - SUMMARY, ETC.
Summary, etc. “Light”, “Night”, deux vocables de même consonance, deux concepts dont les acceptions, contraires mais complémentaires, sont au cœur de la littérature et de la culture anglaises au siècle des Lumières. Dans la vie quotidienne, la sphère nocturne, à Londres en particulier, est dangereuse, mais aussi fascinante, riche de plaisirs plus ou moins licites. En mer, la navigation de nuit est risquée, mais dans les deux cas, le progrès et la science font peu à peu reculer l'obscurité et ses aléas. La nuit, c'est aussi un thème privilégié dans le domaine de l'esthétique. Liée au sublime, elle alimente les jeux d'ombre et de lumière dans la littérature, la peinture, la musique, l'art des jardins, sollicitant toute la gamme des émotions chez le lecteur, l'auditeur et le promeneur de l'Angleterre georgienne. La nuit, enfin, est liée au questionnement de l'homme sur sa destinée : rêves prémonitoires, tentations du Malin, mais aussi élévation de l'âme aspirant à la lumière de la vie éternelle, et envolée de l'imagination créatrice, au-delà des ténèbres du monde fini, vers une clarté céleste, royaume de l'artiste visionnaire. Cet ouvrage est composé de communications présentées au Centre de Recherche et d'Etudes anglaises du XVIIIe siècle (CREA XVIII) de la Sorbonne Nouvelle et de contributions extérieures, réunies par Suzy Halimi.
540 ## - TERMS GOVERNING USE AND REPRODUCTION NOTE
Terms governing use and reproduction OpenEdition Books License
Uniform Resource Identifier <a href="https://www.openedition.org/12554">https://www.openedition.org/12554</a>
650 #4 - SUBJECT ADDED ENTRY--TOPICAL TERM
Topical term or geographic name entry element Literature, British Isles
Topical term or geographic name entry element Lumières
Topical term or geographic name entry element Angleterre
Topical term or geographic name entry element transgression
Topical term or geographic name entry element nuit
776 ## - ADDITIONAL PHYSICAL FORM ENTRY
International Standard Book Number 978-2-87854-424-4
856 4# - ELECTRONIC LOCATION AND ACCESS
Data provenance Halimi, Suzy
Uniform Resource Identifier <a href="https://books.openedition.org/psn/8522">https://books.openedition.org/psn/8522</a>
Link text La nuit

Pas d'exemplaire disponible.

Bibliothèque universitaire de l'UEH
Portail centralisé donnant accès au catalogue, aux ressources numériques et aux productions scientifiques de l’Université d’État d’Haïti.

Plateformes institutionnelles

  • Dépôt institutionnel UEH
  • Revues scientifiques UEH
  • GED institutionnelle
  • UEH enseignement à distance

Contact

  • Adresse : 21 Rue Rivière, Port-au-Prince
  • Email : bibliotheque@ueh.edu.ht
  • Téléphone : +509 22-45-68-43 / 22-45-68-44
  • Heures : Lundi–Vendredi 8h–16h
© 2026 UEH – E-Bibliothèque de l’Université d’État d’Haïti | À propos | Confidentialité | Conditions | Mentions légales | Accessibilité | Plan du site | Contact